000 00751nam a2200241Ia 4500
003 OSt
005 20220930194751.0
006 a|||||r|||| 00| 0
007 ta
008 220926b |||||||| |||| 00| 0 eng d
024 _a13186
037 _cDissertations
040 _aCRL
_cCRL
_beng
041 _2eng
_aeng
100 _aThomas Sucy
_9563579
110 _aUniversity of Delhi. Faculty of Science. Department of Home Science
245 0 _aPhysico-chemical studies on the effect of wax coating on the storage behaviour of some fruits
260 _c1966
650 _aHOME ECONOMICS
700 _aUniversity of Delhi. Faculty of Science. Department of Home Science
942 _cDIS
_2CC
999 _c898119
_d898119